Piorun ujarzmiony (Record no. 67183)
[ view plain ]
| 000 -LEADER | |
|---|---|
| fixed length control field | 00338nam a2200121 4500 |
| 008 - FIXED-LENGTH DATA ELEMENTS--GENERAL INFORMATION | |
| fixed length control field | 240910b |||||||| |||| 00| 0 eng d |
| 040 ## - CATALOGING SOURCE | |
| Original cataloging agency | National Science Library |
| Transcribing agency | National Science Library |
| 080 ## - UNIVERSAL DECIMAL CLASSIFICATION NUMBER | |
| Universal Decimal Classification number | 551.594.2=84 |
| Item number | J7 |
| 245 ## - TITLE STATEMENT | |
| Title | Piorun ujarzmiony |
| 260 ## - PUBLICATION, DISTRIBUTION, ETC. | |
| Date of publication, distribution, etc. | 1957 |
| Place of publication, distribution, etc. | Warszawa |
| Name of publisher, distributor, etc. | Wiedza powszechna |
| 300 ## - PHYSICAL DESCRIPTION | |
| Other physical details | 261p |
| 942 ## - ADDED ENTRY ELEMENTS (KOHA) | |
| Koha item type | Reference |
| Source of classification or shelving scheme | Universal Decimal Classification |
| Withdrawn status | Lost status | Damaged status | Not for loan | Home library | Current library | Shelving location | Date acquired | Total Checkouts | Full call number | Barcode | Date last seen | Price effective from | Koha item type |
|---|---|---|---|---|---|---|---|---|---|---|---|---|---|
| National Science Library | National Science Library | GF | 19/02/1969 | 551.594.2=84,J7 | 26528 | 12/09/2024 | 19/02/1969 | Reference |